Global Trade in Military Drones, 2024 - Statistics

General Stats
  • This quiz has been taken 29 times
  • The average score is 20 of 24
Answer Stats
Country % Correct
United Kingdom UK
100%
United Kingdom UK
100%
United States US
100%
China CH
96%
Russia RU
96%
Ukraine UK
96%
France FR
92%
France FR
92%
India IN
88%
India IN
88%
Turkey TR
88%
Germany GR
84%
Japan JA
84%
South Korea SK
84%
South Korea SK
84%
Australia AU
80%
Israel ISL
80%
Pakistan PA
80%
Spain SP
80%
Italy IT
76%
Saudi Arabia SA
76%
Brazil BR
64%
Egypt EG
56%
United Arab Emirates UAE
52%
No matching quizzes found
Score Distribution
Percent of People with Each Score
Percentile by Number Answered
Your Score History
You have not taken this quiz